MARC

LEADER 00000nam0a2200000 4500
001 90329
005 20231031103434.0
035 |a (RuTPU)RU\TPU\book\96867 
090 |a 90329 
100 |a 20060208d1986 m y0rusy50 ca 
101 0 |a rus 
102 |a RU 
105 |a a z 001zy 
200 1 |a Сейсмические свойства скальных грунтов  |f В. И. Джурик [и др.] 
210 |a Новосибирск  |c Наука  |d 1986 
215 |a 134 с.  |c ил. 
320 |a Библиогр.: с. 129-133. 
610 1 |a скальные грунты 
610 1 |a сейсмические свойства 
675 |a 624.12  |v 3 
701 1 |a Джурик  |b В. И.  |g Василий Ионович 
701 1 |a Дреннов  |b А. Ф.  |g Александр Федорович 
701 1 |a Иванов  |b Ф. И.  |g Федор Илларионович 
701 1 |a Потапов  |b В. А.  |g Владимир Антонович 
801 1 |a RU  |b 63413507  |c 20060208  |g PSBO 
801 2 |a RU  |b 63413507  |c 20091012  |g PSBO 
900 |a Грунтоведение 
942 |c BK